00800nam a22001817a 4500003000400000020001800004082001200022100001700034245005200051250000800103260002800111300000800139653009500147942001600242952018100258952016200439999001700601SGT a9789350719664 a331 SHE aSHETH,TEJPAL aINDUSTRIAL LABOUR & GENERAL LAWS: THEORY & MCQS a4TH aNEW DELHIbTAXMANc2016 a420 aAs Per OMR Based Examination Tabular Presentation of Theory More than 2600 MCQs Mock Tests 2ddccFCM01 00102ddc40708CMaSSSLbSSSLcDISPLAYd2017-01-19eINDIAN PUBLISHERS & DISTRIBUTORS g495.00iSGTUl1o331 SHEpCM3424r2024-05-08 00:00:00s2024-05-08w2016-12-20yFCMk117 00102ddc40718CMaSSSLbSSSLcREFd2017-01-19eINDIAN PUBLISHERS & DISTRIBUTORS g495.00iSGTUo331 SHEpCM3425r2017-01-19 00:00:00w2016-12-20yFCMk117 c10502d10502